Statistics for Saturn Award for Best Supporting Actor

Click here to take the quiz!

General Stats

  • This quiz has been taken 8 times
  • The average score is 10 of 40

Answer Stats

YearActor% Correct
2001Ian McKellen
67%
1998Ian McKellen
67%
2002Andy Serkis
50%
2011Andy Serkis
50%
1995Brad Pitt
50%
2009Stephen Lang
50%
1977Alec Guinness
33%
2013Ben Kingsley
33%
1986Bill Paxton
33%
2004David Carradine
33%
2008Heath Ledger
33%
1992Robin Williams
33%
2015Adam Driver
17%
2010Andrew Garfield
17%
1979Arte Johnson
17%
1996Brent Spiner
17%
1978Burgess Meredith
17%
1981Burgess Meredith
17%
2012Clark Gregg
17%
1994Gary Sinise
17%
2007Javier Bardem
17%
1976Jay Robinson
17%
1983John Lithgow
17%
1993Lance Henriksen
17%
1975Marty Feldman
17%
1999Michael Clarke Duncan
17%
2005Mickey Rourke
17%
2006Mickey Rourke
17%
2014Richard Armitage
17%
1987Richard Dawson
17%
1982Richard Lynch
17%
1988Robert Loggia
17%
1985Roddy McDowall
17%
1980Scatman Crothers
17%
2003Sean Astin
17%
1990Thomas F. Wilson
17%
1984Tracey Walter
17%
1997Vincent D'Onofrio
17%
2000Willem Dafoe
17%
1991William Sadler
17%

Score Distribution

Percentile by Number Answered

Percent of People with Each Score

Your Score History

You have not taken this quiz